000 00574nam a2200193Ia 4500
005 20260114185836.0
008 008 260114s9999 xx 000 0 eng d
020 _a9781847887191
037 _aEBOOK
040 _aCRL
_beng
_cCRL
041 _aeng
_2eng
084 _qCRL
100 _aGeraldine Biddle-Perry and Sarah Cheang
_9875081
245 0 _aHair Styling, Culture and Fashion
260 _bBloomsbury
_c2010
856 _uhttps://doi.org/10.2752/9781847887191?locatt=label:secondary_bloomsburyCollections
942 _cEBOOK
999 _c1474015
_d1474015